000 005300000a22001810004500
020 _a0-87808-738-9
041 0 _aENG
082 0 4 _aG 261 N664s
100 1 _aNida, Eugenio A. (Albert) (1914-)
245 1 0 _aReligion across cultures : A study in the communication of the Christian faith / Eugene A. Nida
260 _aPasadena, CA., USA : William Carey
300 _a111 Pag
001 12090
942 _cBK
999 _c41119
_d41119
336 _atexto
_btxt
_2rdacontent
337 _2rdamedia
_asin mediación
_bn
338 _2rdacarrier
_avolumen
_bnc